| 000 | 01046cam a2200193 4500 | ||
|---|---|---|---|
| 001 | ##L135507 | ||
| 008 | 061103n 000 0 eng u | ||
| 035 | _a(Sirsi) u135507 | ||
| 041 | 0 | _aeng | |
| 110 | 1 |
_aUnited Kingdom _bDepartment for Environment, Food and Rural Affairs |
|
| 245 | 0 | 0 | _aE-digest of environmental statistics |
| 520 | _aProvides summary statistics on the United Kingdom environment by topic: Air quality, coastal and marine waters, UK Environmental Protection Expenditure by Industry Survey, global atmosphere, inland water quality and use, land use and cover, noise, public attitudes, radioactivity, waste and recycling, wildlife, and supplemental data. Also includes links to a number of key publications. | ||
| 590 | _aIKA141106 | ||
| 650 | 2 | 4 | _aDTI UK ENVIRONMENTAL PROTECTION EXPENDITURE SURVEY |
| 651 | 4 |
_aUnited Kingdom _y |
|
| 690 | _aENVIRONMENTAL AND LAND CONSULTANCY | ||
| 856 | 4 | 0 |
_uhttps://www.defra.gov.uk/environment/statistics/index.htm _zView the website free of charge at www.defra.gov.uk... |
| 942 | _n0 | ||
| 999 |
_c120530 _d120530 |
||